LEADER 01128nam a2200241 i 4500 001 000000156953 003 CaOOAMICUS 005 20070219000000.0 008 070219s1975 it u000 u ita u 013 $a134308 040 $aSeMil$bita 100 1 $aRamella, Vittorio.$0(OLS)http://semarc/name/60189 245 10$a[Concetti religioso-estetici della poetica del ciclo degli affreschi nella Chiesa di N. S. di Fatima in Vigevano /$cVittorio Ramella]. 260 $aVigevano :$bFondazione Premio Vittorio Ramella,$c1975. 300 $a[8] p. :$bill. ;$c30 cm. 500 $aFondo Card. Giovanni Colombo. 650 4$aVigevano - Chiese - Madonna di Fatima.$0(OLS)http://semarc/subject/46345 850 $aSeMil 852 $aSeMil$W1$xVenegono$y1$m5C XI 4/11$j108686$B108686$CSeMilBibl$Z2$F120360 $81 941 1 $a3 961 $aLascito: Colombo Card. Giovanni 996 $6245$a[Concetti religioso-estetici della poetica del ciclo degli affreschi nella Chiesa di N. S. di Fatima in Vigevano$9(OLS)http://semarc/title/230148 996 $6260$aVigevano :$bFondazione Premio Vittorio Ramella$9(OLS)http://semarc/publisher/48344 LEADER 00830nam a2200205 i 4500 001 000000132165 003 CaOOAMICUS 005 20041202000000.0 008 041202s1923 it u000 u ita u 013 $a105108 040 $aSeMil$bita 100 1 $aMonsabré, Jacques Marie Louis,$d<1827-1907>.$0(OLS)http://semarc/name/837 245 13$aLa vita futura :$bQuaresima 1888. 300 $a246 p. 500 $a[Contiene : Dalla conferenza 91 alla 96]. 773 0 $aMonsabré, Jacques Marie Louis <1827-1907>$tEsposizione del dogma cattolico.$dTorino ; Roma : Marietti, 1922-1929.$w()12571 850 $aSeMil 852 $aSeMil$W1$xVenegono$y1$m3F I 428/16$j86085$B86085$CSeMilBibl$Z2$F89846 $81 961 $aRecupero: Biblioteca Seminario Saronno 996 $6245$aLa vita futura :$bQuaresima 1888$9(OLS)http://semarc/title/194209